000 00392nam a22001457a 4500
005 20250610080908.0
008 250610b |||||||| |||| 00| 0 eng d
020 _a9780281047789
050 _aBT1315
_bALL
100 _aALLISON FITZSIMONS
245 _aTHE CRUELTY OF HERESY;
_bAN AFFIRMATION OF CHRISTIAN ORTHODOXY
260 _aLONDON
_bSPCK
_cc1994
300 _a196p
942 _2lcc
_cBK
_n0
999 _c6372
_d6372